000 00621cam a2200193 4500
001 J100530
008 000000n1998 000 0 eng u
035 _a(Sirsi) u100194
041 _aENG
050 _a692.8
110 _aJoint Contracts Tribunal
_93664
245 _aStandard form of building contract 1998 edition. With contractor's design.
260 _aLondon
_bRIBA Publications
_c1998
300 _a128p. ; 30cm.
490 _aJCT Standard Form of Building Contract With Contractor's Design 1998 Edition
650 _aJCT STANDARD FORM OF BUILDING CONTRACT 1998
690 _aCONTRACTS
_96232
942 _n0
999 _c99638
_d99638